|
|
|
|
| LEADER |
00000ny a22000003n 4500 |
| 005 |
20110621113117.0 |
| 006 |
m u |
| 007 |
cr cn||||||||| |
| 008 |
070219s2001 sp 000 0 eng d |
| 020 |
|
|
|a 9788481559880
|
| 035 |
|
|
|a 151
|
| 040 |
|
|
|a FlNmELB
|c FlNmELB
|d vlex
|
| 050 |
1 |
4 |
|a KKT4800
|b L496 2002eb
|
| 080 |
|
|
|a 343.265
|
| 090 |
|
|
|c 1306
|d 1306
|
| 100 |
1 |
|
|a Leganš Gm̤ez, Santiago
|
| 245 |
1 |
0 |
|a Clasificacion penitenciaria, permisos de salida y extranjeros en prision
|h [Recurso electrn̤ico]
|c Santiago Leganes Gomez
|
| 256 |
|
|
|a Servicio en ln̕ea
|
| 260 |
|
|
|a Madrid :
|b Dykinson,
|c 2001
|
| 300 |
|
|
|a [11]-192 p. ;
|c cm
|
| 506 |
1 |
|
|a Contenido solo disponible en los productos indicados
|d vLex Global
|d vLex Global (Academic Edition, excluding Law Schools)
|d vLex Global (U.S. Academic Edition, Law Schools)
|d vLex Global (U.S. Academic Edition, excluding Law Schools)
|d vLex Global (Academic Edition, Law Schools)
|
| 650 |
0 |
7 |
|a Derecho penal
|2 Tesauro vLex
|
| 650 |
0 |
7 |
|a Libertad condicional
|2 Tesauro vLex
|
| 650 |
0 |
7 |
|a Prisiones
|2 Tesauro vLex
|
| 650 |
0 |
7 |
|a Penal
|2 Tesauro vLex
|
| 650 |
0 |
7 |
|a Prisin̤
|2 Tesauro vLex
|
| 650 |
0 |
7 |
|a Clasificacin̤ penitenciaria
|2 Tesauro vLex
|
| 650 |
0 |
7 |
|a Derecho penitenciario
|2 Tesauro vLex
|
| 650 |
0 |
7 |
|a Permisos de salida
|2 Tesauro vLex
|
| 740 |
0 |
|
|a vLex Libros (Servicios en ln̕ea)
|
| 856 |
4 |
0 |
|u http://vlex.com/source/151
|z Acceso restringido
|
| 942 |
|
|
|c BOOK
|